000 00358nam a2200145Ia 4500
008 230917s9999||||xx |||||||||||||| ||und||
040 _e147932
_aMAIN
041 _aEnglish
082 _a822.33 S15G:S
100 _aGreer,Germaine
245 0 _aShakespeare: a very short introductin
260 _aNew York
_bOUP
_c1986
300 _a158P. p.
942 _cBK
999 _c151325
_d151325